000
00278nam a22001097a 4500
008
170111b xxu||||| |||| 00| 0 eng d
020
_a
9780323028646
041
_a
eng
080
_2
7TH
_a
618.2
245
_a
GUIDE TO NURSING MANAGEMENT AND LEADERSHIP
_c
TOMEY, A.M
942
_2
udc
_c
BK
999
_c
2686
_d
2686